The Word of God in the child of God : (Record no. 3755)

MARC details
000 -LEADER
fixed length control field 00881cam a2200253Ia 4500
001 - CONTROL NUMBER
control field 226674
003 - CONTROL NUMBER IDENTIFIER
control field GBCCL
005 - DATE AND TIME OF LATEST TRANSACTION
control field 20241126110502.0
008 - FIXED-LENGTH DATA ELEMENTS--GENERAL INFORMATION
fixed length control field 980914s1998 flu b 000 0 eng d
035 ## - SYSTEM CONTROL NUMBER
System control number (OCoLC)ocm39865559
035 ## - SYSTEM CONTROL NUMBER
System control number (OCoLC)39865559
040 ## - CATALOGING SOURCE
Original cataloging agency SBI
Transcribing agency SBI
Modifying agency OCLCQ
049 ## -
-- LBBK
082 ## - DEWEY DECIMAL CLASSIFICATION NUMBER
Classification number 223.206
Item number ZEM
090 ## - LOCALLY ASSIGNED LC-TYPE CALL NUMBER (OCLC); LOCAL CALL NUMBER (RLIN)
Classification number (OCLC) (R) ; Classification number, CALL (RLIN) (NR) BS1450
Local cutter number (OCLC) ; Book number/undivided call number, CALL (RLIN) 119th .Z45, 1998
100 1# - MAIN ENTRY--PERSONAL NAME
Personal name Zemek, George J.
9 (RLIN) 7415
245 14 - TITLE STATEMENT
Title The Word of God in the child of God :
Remainder of title exegetical, theological and homiletical reflections from the 119th Psalm /
Statement of responsibility, etc. by George J. Zemek.
260 ## - PUBLICATION, DISTRIBUTION, ETC.
Place of publication, distribution, etc. [Mango, FL :
Name of publisher, distributor, etc. s.n.,
Date of publication, distribution, etc. 1998?]
300 ## - PHYSICAL DESCRIPTION
Extent xiv, 431 p. ;
Dimensions 24 cm.
500 ## - GENERAL NOTE
General note Includes an appendix of Hebrew diagrammatical analyses (p.388- 431).
504 ## - BIBLIOGRAPHY, ETC. NOTE
Bibliography, etc. note Includes bibliographical references.
630 00 - SUBJECT ADDED ENTRY--UNIFORM TITLE
Uniform title Bible.
Name of part/section of a work O.T.
-- Psalms
-- CXIX
General subdivision Criticism, interpretation, etc.
9 (RLIN) 7579
942 ## - ADDED ENTRY ELEMENTS (KOHA)
Source of classification or shelving scheme Dewey Decimal Classification
Koha item type Books
Koha issues (borrowed), all copies 1
Holdings
Withdrawn status Lost status Source of classification or shelving scheme Damaged status Not for loan Home library Current Library Shelving location Date acquired Total checkouts Full call number Barcode Date last seen Date last checked out Copy number Price effective from Koha item type
    Dewey Decimal Classification     GRACE BIBLE COLLEGE GRACE BIBLE COLLEGE Biblical Studies 2017-12-08 1 223.206 ZEM 007639 2025-05-01 2023-08-25 c.1 2017-12-08 Books
© Grace Bible College Library 2025